000 00662nam a2200217Ia 4500
003 OSt
005 20260119161550.0
008 220923b |||||||| |||| 00| 0 eng d
020 _a0141018666
037 _cGeneral Book
040 _aRTL
_cRTL
_beng
041 _2eng
_aeng
084 _aY:434, P5
_q RTL
100 _a Sachs Jeffrey D
_931586
245 0 _aEnd of poverty: how we can make it happen in our lifetime
_b
260 _aLondon
_bPenguin
_c2005
300 _axiii, 396 p.
_bIncludes bibliographical references and index.
650 _aSociology
_9905517
942 _hY:434, P5
_cGB
_2CC
_n0
999 _c576815
_d576815